Social and legal norms : towards a socio-legal understanding of normativity (Record no. 85700)

MARC details
000 -LEADER
fixed length control field 00830 a2200253 4500
003 - CONTROL NUMBER IDENTIFIER
control field CBULib
005 - DATE AND TIME OF LATEST TRANSACTION
control field 20250612092524.0
008 - FIXED-LENGTH DATA ELEMENTS--GENERAL INFORMATION
fixed length control field 241029b |||||||| |||| 00| 0 eng d
020 ## - INTERNATIONAL STANDARD BOOK NUMBER
International Standard Book Number 9781409453437
040 ## - CATALOGING SOURCE
Language of cataloging English
Transcribing agency CBULib
Description conventions rda
050 ## - LIBRARY OF CONGRESS CALL NUMBER
Classification number K 376 Soc
100 ## - MAIN ENTRY--PERSONAL NAME
Personal name Baier, Matthias
245 ## - TITLE STATEMENT
Title Social and legal norms : towards a socio-legal understanding of normativity
Statement of responsibility, etc / edited by Baier Matthias
260 ## - PUBLICATION, DISTRIBUTION, ETC. (IMPRINT)
Name of publisher, distributor, etc Ashgate :
Date of publication, distribution, etc 2013
Place of publication, distribution, etc Surrey,
300 ## - PHYSICAL DESCRIPTION
Extent xiv, 347 pages : illustrations
336 ## - CONTENT TYPE
Source rdacontent
Content type term Text |
Content type code txt
337 ## - MEDIA TYPE
Source rdamedia
Media type term Unmediated |
Media type code n
338 ## - CARRIER TYPE
Source rdacarrier
Carrier type term Volume
Carrier type code nc
500 ## - GENERAL NOTE
General note Includes bibliographical references and index
650 #0 - SUBJECT ADDED ENTRY--TOPICAL TERM
9 (RLIN) 934
Topical term or geographic name as entry element SOCIOLOGICAL JURISPRUDENCE
650 #0 - SUBJECT ADDED ENTRY--TOPICAL TERM
9 (RLIN) 3843
Topical term or geographic name as entry element SOCIAL NORMS - PHILOSOPHY
650 #0 - SUBJECT ADDED ENTRY--TOPICAL TERM
9 (RLIN) 933
Topical term or geographic name as entry element LAW--PHILOSOPHY
942 ## - ADDED ENTRY ELEMENTS (KOHA)
Source of classification or shelving scheme
Koha item type MONOGRAPH
Holdings
Withdrawn status Lost status Source of classification or shelving scheme Damaged status Not for loan Collection code Permanent Location Current Location Shelving location Date acquired Source of acquisition Cost, normal purchase price Full call number Barcode Date last seen Price effective from Koha item type Total Checkouts Cost, replacement price
          CBU-Lusaka Campus CBU- LUSAKA CAMPUS CBU- LUSAKA CAMPUS General Stacks 10/29/2024 BOOK AID INTERNATIONAL 64.00 K 376 Soc 753029 10/29/2024 10/29/2024 MONOGRAPH    
          CBU-Lusaka Campus CBU- LUSAKA CAMPUS CBU- LUSAKA CAMPUS General Stacks 10/29/2024 BOOK AID INTERNATIONAL 64.00 K 376 Soc 753028 10/29/2024 10/29/2024 MONOGRAPH    
          Main Library Open Access Collection CBU-MAIN LIBRARY, KITWE. CBU-MAIN LIBRARY, KITWE. General Stacks 01/16/2025 BOOK AID INTERNATIONAL 64.00 K 376 Soc 753255 01/16/2025 01/16/2025 MONOGRAPH   64.00
          Main Library Open Access Collection CBU-MAIN LIBRARY, KITWE. CBU-MAIN LIBRARY, KITWE. General Stacks 01/16/2025 BOOK AID INTERNATIONAL 64.00 K 376 Soc 753254 01/16/2025 01/16/2025 MONOGRAPH   64.00